000 01349nam a2200289Ia 4500
005 20260521164311.0
008 210122b ###||||| |||| 00| 0 spa d
017 _a2007-04007
020 _a9972-42-807-4
040 _aBIBLIOTECA MUNICIPAL DE BARRANCO
_cBIBLIOTECA MUNICIPAL DE BARRANCO
043 _cPe.
082 _2869.5682
_bP59A 2007.
100 _aPinillas Carmen María
245 0 _aApuntes inéditos.;celia y alicia en la vida de josé maría arguedas
_bCelia y Alicia en la vida de José María Arguedas /
_cCarmen María Pinilla, editora, [recopilación].
260 _aLima :
_bPontificia Universidad Católica del Perú, Fondo Editorial,
_c2007.
300 _a378 p. :
_b il., retrs. ;
_c24 cm.
500 _aContiene colección de cartas dirigidas al escritor, pertenecientes al archivo de Celia Bustamante, su esposa.
504 _aIncluye referencias bibliográficas.
600 0 _98924
_aArguedas, José María, 1911-1969-Correspondencia.
600 0 _98925
_aBustamante, Celia, 1910-1973-Correspondencia.
600 0 _98926
_aBustamante, Alicia, 1906-1968-Correspondencia.
650 0 _98927
_aLiteratos-Perú-Siglo XX.
700 _98928
_aPinilla, Carmen María, 1948-
710 _9946
_aPontificia Universidad Católica del Perú
942 _cBK
_2ddc
_zAAOH
_e2026-05-21
999 _c7020
_d7020